[Event "Xtracon Chess Open 2018"]
[Site "Elsinore"]
[Date "2018.07.21"]
[Round "1"]
[White "Ramsdal, Jens Albert"]
[Black "Larsen, Preben R."]
[Result "1-0"]
[WhiteElo "2259"]
[BlackElo "1803"]
[EventDate "2018.07.21"]
[WhiteFideId "1429221"]
[BlackFideId "1425790"]

1.e4 e5 2.Nf3 Nc6 3.Bb5 a6 4.Ba4 Be7 5.O-O d6 6.c3 Nf6 7.Re1 b5 8.Bc2 Bb7 
9.d4 exd4 10.cxd4 Nb4 11.Bb3 Bxe4 12.Bxf7+ Kxf7 13.Ng5+ Ke8 14.Nxe4 Nxe4 
15.Rxe4 Kd7 16.d5 1-0

[Event "Xtracon Chess Open 2018"]
[Site "Elsinore"]
[Date "2018.07.21"]
[Round "1"]
[White "Ponomarev, Denis"]
[Black "Koellner, Ruben Gideon"]
[Result "0-1"]
[WhiteElo "1797"]
[BlackElo "2254"]
[EventDate "2018.07.21"]
[WhiteFideId "44136650"]
[BlackFideId "12993093"]

1.e4 d6 2.d4 Nf6 3.Nc3 e5 4.Nf3 Nbd7 5.Bc4 Be7 6.O-O O-O 7.h3 c6 8.a4 a5 
9.Be3 Qc7 10.Qe2 h6 11.Rad1 Re8 12.Rfe1 Nf8 13.Nh2 Ng6 14.Ng4 Nxg4 15.hxg4
Bf6 16.d5 c5 17.Nb5 Qd7 18.g3 Rd8 19.g5 Bxg5 20.Bxg5 hxg5 21.Qe3 f6 22.Be2
Kf7 23.Bh5 Rh8 24.g4 Rxh5 25.gxh5 Nf4 26.Qf3 Ke7 27.c3 b6 28.Rb1 Ba6 29.
Na3 Rh8 30.Nc2 Rxh5 31.Ne3 Rh3 32.Qd1 g6 33.b4 Bd3 0-1

[Event "Xtracon Chess Open 2018"]
[Site "Elsinore"]
[Date "2018.07.21"]
[Round "1"]
[White "Hoeffer, David"]
[Black "Densing, Gerd"]
[Result "1-0"]
[WhiteElo "2252"]
[BlackElo "1794"]
[EventDate "2018.07.21"]
[WhiteFideId "24606766"]
[BlackFideId "24621013"]

1.d4 Nf6 2.Nf3 e6 3.c4 b6 4.g3 Bb7 5.Bg2 Be7 6.O-O O-O 7.d5 h6 8.Nc3 d6 9.
e4 e5 10.Nh4 Nh7 11.Nf5 Bg5 12.Bxg5 Qxg5 13.h4 Qd8 14.Qg4 Qf6 15.f4 Kh8 
16.Nb5 Na6 17.fxe5 Qxe5 18.Nfd4 Nf6 19.Qf4 Rfe8 20.Rae1 Re7 21.Nf5 Qxf4 
22.gxf4 Ree8 23.Nbxd6 cxd6 24.Nxd6 Rab8 25.e5 Ng8 26.Nxf7+ Kh7 27.Be4+ g6 
28.Nd6 Rf8 29.h5 Ne7 30.Nxb7 1-0

[Event "Xtracon Chess Open 2018"]
[Site "Elsinore"]
[Date "2018.07.21"]
[Round "1"]
[White "Manz, Andreas"]
[Black "Schmidt, Kristen"]
[Result "0-1"]
[WhiteElo "1791"]
[BlackElo "2247"]
[EventDate "2018.07.21"]
[WhiteFideId "24660108"]
[BlackFideId "1400436"]

1.d4 Nf6 2.Bf4 g6 3.Nc3 Bg7 4.e4 d6 5.Nf3 O-O 6.Qd2 c6 7.h3 b5 8.Bd3 Nbd7 
9.a3 Nb6 10.Qe2 Be6 11.O-O a6 12.Rfd1 h6 13.Rab1 Rc8 14.Be3 Nc4 15.Bc1 Qc7
16.b3 Nb6 17.Be3 c5 18.d5 Bd7 19.Nd2 c4 20.bxc4 bxc4 21.Bxb6 cxd3 0-1

[Event "Xtracon Chess Open 2018"]
[Site "Elsinore"]
[Date "2018.07.21"]
[Round "1"]
[White "Heimisson, Hilmir Freyr"]
[Black "Schouten, Mathias Lind"]
[Result "1-0"]
[WhiteElo "2241"]
[BlackElo "1784"]
[EventDate "2018.07.21"]
[WhiteFideId "2309998"]
[BlackFideId "1532790"]

1.c4 c5 2.Nf3 g6 3.d4 cxd4 4.Qxd4 Nf6 5.e4 Nc6 6.Qe3 Bg7 7.h3 d6 8.Be2 O-O
9.O-O Qb6 10.Qxb6 axb6 11.Nc3 Nd7 12.Nd5 Nc5 13.a3 Nxe4 14.Nxb6 Ra5 15.Bd3
Nc5 16.Bc2 Be6 17.Rb1 Ra6 18.Nd5 Bxd5 19.cxd5 Nd4 20.Nxd4 Bxd4 21.Rd1 Bf6 
22.g4 Rb8 23.g5 Bg7 24.Re1 Kf8 25.Bd2 Na4 26.Re4 Nxb2 27.Rb4 Rc8 28.R1xb2 
Bxb2 29.Rxb2 Rxa3 30.Be3 b5 31.Be4 Ra4 32.Bc2 Ra3 33.Bb1 Rb8 34.Bc2 b4 35.
Bb3 Ke8 36.Kf1 Kd7 37.Ke2 e6 38.Kd2 Ra5 39.Kd3 exd5 40.Kd4 Rbb5 41.Re2 Kc6
42.Bc1 Ra1 43.Bb2 Rh1 44.Ba4 Rxh3 45.Bxb5+ Kxb5 46.Kxd5 Rh5 47.Bf6 h6 48.
f4 hxg5 49.fxg5 b3 50.Kxd6 Kc4 51.Ke7 Rh7 52.Kf8 Kd3 53.Rb2 Ke4 54.Kg8 Rh3
55.Kxf7 Kf5 56.Rf2+ Kg4 57.Kxg6 Kh4 58.Kf7 Kh5 59.g6 1-0

[Event "Xtracon Chess Open 2018"]
[Site "Elsinore"]
[Date "2018.07.21"]
[Round "1"]
[White "Stochkel, Casper"]
[Black "Schwarz, Frank"]
[Result "0-1"]
[WhiteElo "1784"]
[BlackElo "2234"]
[EventDate "2018.07.21"]
[WhiteFideId "1426702"]
[BlackFideId "4658035"]

1.d4 Nf6 2.Nf3 g6 3.b3 Bg7 4.Bb2 d6 5.e3 O-O 6.Be2 b6 7.O-O Bb7 8.c4 Nbd7 
9.Nc3 e6 10.Qc2 Qe7 11.Rad1 a6 12.Rfe1 Rad8 13.Nd2 Rfe8 14.Bf3 Bxf3 15.
gxf3 Nh5 16.Nce4 f5 17.Ng3 Qh4 18.f4 Nhf6 19.Nf3 Qh6 20.Kg2 Bh8 21.Ng5 Nf8
22.c5 Qg7 23.cxb6 cxb6 24.Qc6 h6 25.Nf3 Nd5 26.Rc1 Qa7 27.Qc2 Re7 28.Qd2 
Rf7 29.Ba3 Qb7 30.Qc2 Bf6 31.Qc6 Qb8 32.Qc4 b5 33.Qd3 Qb6 34.b4 Qb7 35.Ne2
g5 36.fxg5 hxg5 37.e4 fxe4 38.Qxe4 g4 39.Nd2 Bg5 40.Rc2 Bxd2 41.Rxd2 Ne3+ 
0-1

[Event "Xtracon Chess Open 2018"]
[Site "Elsinore"]
[Date "2018.07.21"]
[Round "1"]
[White "Nielsen, Palle"]
[Black "Nilsson, Patrik 1978"]
[Result "0-1"]
[WhiteElo "1771"]
[BlackElo "2229"]
[EventDate "2018.07.21"]
[WhiteFideId "1408526"]
[BlackFideId "1708171"]

1.e4 d6 2.d4 Nf6 3.Nc3 Nbd7 4.Nf3 e5 5.Bc4 Be7 6.O-O O-O 7.h3 c6 8.a3 b5 
9.Ba2 a5 10.b4 Bb7 11.Re1 Qc7 12.Qd3 axb4 13.axb4 d5 14.exd5 Bxb4 15.dxe5 
Nc5 16.Qd4 Bxc3 17.Qxc3 Nfe4 18.Rxe4 Nxe4 19.Qe3 cxd5 20.Ba3 Qc3 21.Qxc3 
Nxc3 22.Bb3 b4 23.Bb2 Rxa1+ 24.Bxa1 Re8 25.Kh2 d4 26.Nxd4 Rxe5 27.Bb2 Bd5 
28.Bxd5 Rxd5 29.Nc6 Rb5 30.Nxb4 Rxb4 31.Bxc3 Rc4 32.Ba5 Rxc2 33.Bb6 f6 0-1

[Event "Xtracon Chess Open 2018"]
[Site "Elsinore"]
[Date "2018.07.21"]
[Round "1"]
[White "Salles, Louis"]
[Black "Nord, Alexander"]
[Result "1-0"]
[WhiteElo "2227"]
[BlackElo "1763"]
[EventDate "2018.07.21"]
[WhiteFideId "20641826"]
[BlackFideId "1738135"]

1.e4 c6 2.d4 d5 3.e5 Bf5 4.h4 h6 5.g4 Bh7 6.e6 fxe6 7.Bd3 e5 8.Bxh7 Rxh7 
9.dxe5 e6 10.Qd3 Rh8 11.Nf3 Ne7 12.Bf4 Qb6 13.Nc3 Nd7 14.O-O-O O-O-O 15.
Bg3 a6 16.h5 Kb8 17.Nd4 c5 18.Na4 c4 19.Nxb6 cxd3 20.Nxd7+ Rxd7 21.Rxd3 
1-0

[Event "Xtracon Chess Open 2018"]
[Site "Elsinore"]
[Date "2018.07.21"]
[Round "1"]
[White "Poulsen, Knud"]
[Black "Berg, Olaf"]
[Result "0-1"]
[WhiteElo "1760"]
[BlackElo "2226"]
[EventDate "2018.07.21"]
[WhiteFideId "1422324"]
[BlackFideId "7200420"]

1.c4 Nf6 2.Nc3 e6 3.e4 Nc6 4.Nf3 d5 5.cxd5 exd5 6.e5 Ne4 7.d3 Nxc3 8.bxc3 
d4 9.Bd2 Bc5 10.Rb1 O-O 11.Be2 Re8 12.Rb5 b6 13.Bg5 Qd7 14.c4 Nxe5 15.Kf1 
Bb7 16.Nxe5 Rxe5 17.Bf4 Re7 18.Bg4 f5 19.Bf3 c6 20.Rb2 Rae8 21.Be2 Ba3 22.
Rc2 c5 23.Rg1 Qa4 24.f3 Rxe2 25.Qxe2 Rxe2 26.Rxe2 h6 27.Kf2 Bb4 28.g4 Qc6 
29.Rg3 fxg4 30.Re7 Qf6 31.Rxb7 Qxf4 32.Rxg4 Qxh2+ 33.Kf1 Qh1+ 34.Kf2 Qe1+ 
35.Kg2 Qe2+ 36.Kg1 Qe5 37.Rxa7 Bd2 38.Kg2 Qe2+ 39.Kh3 Qxf3+ 40.Rg3 Qf1+ 
41.Rg2 Qh1+ 42.Kg3 Be1+ 43.Kf3 Qf1+ 44.Ke4 Qxg2+ 45.Kf5 Qg5+ 46.Ke6 Qf6+ 
47.Kd5 Qf3+ 48.Ke6 Qc6+ 49.Kf5 g6+ 50.Kg4 Qg2+ 0-1

[Event "Xtracon Chess Open 2018"]
[Site "Elsinore"]
[Date "2018.07.21"]
[Round "1"]
[White "Crevatin, Leo"]
[Black "Rygg, Andreas Gangstad"]
[Result "1-0"]
[WhiteElo "2224"]
[BlackElo "1759"]
[EventDate "2018.07.21"]
[WhiteFideId "1726307"]
[BlackFideId "1527754"]

1.d4 Nf6 2.c4 g6 3.f3 d5 4.cxd5 Nxd5 5.e4 Nb6 6.Nc3 Bg7 7.Be3 O-O 8.Qd2 
Nc6 9.O-O-O e5 10.d5 Nd4 11.f4 Bg4 12.Re1 f6 13.h3 Bd7 14.Bxd4 exd4 15.
Qxd4 Qe7 16.Nf3 Rad8 17.Bd3 Bc8 18.Rd1 c6 19.Bc4 cxd5 20.Nxd5 Nxd5 21.
Bxd5+ Kh8 22.Kb1 b6 23.Qc4 Bb7 24.Bxb7 Qxb7 25.Rxd8 Rxd8 26.Rc1 Bf8 27.e5 
fxe5 28.Nxe5 Re8 29.Qa4 Re7 30.Qd4 Kg8 31.g4 Rc7 32.Rxc7 Qxc7 33.Qc4+ Qxc4
34.Nxc4 Kf7 35.Kc2 Ke6 36.Kd3 Bh6 37.Ke4 Bg7 38.Ne5 b5 39.b3 Bf8 40.Nc6 
Kd6 41.Nxa7 Kc5 42.a4 bxa4 43.bxa4 Bg7 44.Nb5 Bb2 45.Nc7 Kd6 46.Nd5 Ke6 
47.a5 Kd6 48.f5 gxf5+ 49.gxf5 Ba3 50.a6 Bc5 51.h4 Kc6 52.Ke5 h5 53.Ke6 Bf2
54.f6 Bxh4 55.f7 1-0

[Event "Xtracon Chess Open 2018"]
[Site "Elsinore"]
[Date "2018.07.21"]
[Round "1"]
[White "Christensen, Benny"]
[Black "Ongut, Tamas Gunes"]
[Result "0-1"]
[WhiteElo "1754"]
[BlackElo "2220"]
[EventDate "2018.07.21"]
[WhiteFideId "1429949"]
[BlackFideId "770280"]

1.d4 Nf6 2.Nf3 g6 3.c3 Bg7 4.Bf4 d6 5.Nbd2 O-O 6.e4 c5 7.e5 Nd5 8.Bg3 cxd4
9.Qb3 dxc3 10.bxc3 dxe5 11.Bxe5 Nc6 12.Bxg7 Kxg7 13.Ne4 Bf5 14.Ng3 Qa5 15.
Rc1 Be6 16.Bc4 Nf4 17.O-O Nd3 18.Rcd1 Nc5 19.Qb5 Qxb5 20.Bxb5 Bxa2 21.Rd2 
Be6 22.Rfd1 Bg4 23.Rd5 Bxf3 24.gxf3 Ne6 25.h4 Nf4 26.Rd7 Ne5 0-1

[Event "Xtracon Chess Open 2018"]
[Site "Elsinore"]
[Date "2018.07.21"]
[Round "1"]
[White "Laustsen, Lars"]
[Black "Tolba, Henri"]
[Result "1-0"]
[WhiteElo "2219"]
[BlackElo "1751"]
[EventDate "2018.07.21"]
[WhiteFideId "1407554"]
[BlackFideId "1418246"]

1.d4 Nf6 2.c4 e6 3.g3 d5 4.Nf3 Be7 5.Bg2 O-O 6.O-O c6 7.Qc2 Nbd7 8.Nbd2 
dxc4 9.Nxc4 c5 10.Rd1 cxd4 11.Nxd4 Nd5 12.Bd2 a5 13.Nb5 Ra6 14.a3 f5 15.
Rac1 f4 16.gxf4 Nxf4 17.Bxf4 Rxf4 18.Ne5 Ra8 19.Nc7 Qf8 20.Nxd7 Bxd7 21.
Rxd7 1-0

[Event "Xtracon Chess Open 2018"]
[Site "Elsinore"]
[Date "2018.07.21"]
[Round "1"]
[White "Larsen, Arne Walther"]
[Black "Christensen, Thomas"]
[Result "0-1"]
[WhiteElo "1750"]
[BlackElo "2218"]
[EventDate "2018.07.21"]
[WhiteFideId "1411357"]
[BlackFideId "1407635"]

1.Nf3 c5 2.g3 Nc6 3.Bg2 e5 4.d3 d5 5.O-O f5 6.c4 d4 7.b4 cxb4 8.a3 bxa3 9.
Bxa3 Bxa3 10.Nxa3 Nf6 11.Qa4 O-O 12.Rfb1 e4 13.dxe4 fxe4 14.Ng5 Qe7 15.Qc2
Bf5 16.Rb5 Bg6 17.Qb3 d3 18.Rxb7 Qe5 19.c5+ Kh8 20.Rb1 Qxg5 21.exd3 Nd4 
22.Qb4 Nf3+ 23.Bxf3 exf3 24.c6 Bxd3 25.Re1 Qf5 26.Qe7 Rg8 0-1

[Event "Xtracon Chess Open 2018"]
[Site "Elsinore"]
[Date "2018.07.21"]
[Round "1"]
[White "Lund, Gunnar"]
[Black "Wibe, Per H."]
[Result "1-0"]
[WhiteElo "2216"]
[BlackElo "1747"]
[EventDate "2018.07.21"]
[WhiteFideId "1520814"]
[BlackFideId "1506641"]

1.e4 c5 2.Nf3 d6 3.Bb5+ Nd7 4.O-O a6 5.Bd3 Ngf6 6.Re1 e5 7.c3 b5 8.a4 c4 
9.Bc2 Bb7 10.axb5 axb5 11.Rxa8 Bxa8 12.Na3 Qb6 13.d3 cxd3 14.Bxd3 Bc6 15.
Qe2 Nc5 16.Be3 Qb8 17.Bxc5 dxc5 18.Bxb5 Bxb5 19.Qxb5+ Qxb5 20.Nxb5 Nd7 21.
Ra1 Be7 22.Nc7+ Kd8 23.Ra8+ Kxc7 24.Rxh8 h6 25.Rg8 Bf6 26.Nd2 Kd6 27.Nc4+ 
Ke6 28.Re8+ Be7 29.Ra8 f6 30.Ne3 g6 31.Nd5 Bd6 32.f3 f5 33.Kf1 fxe4 34.
fxe4 c4 35.Ra4 Nc5 36.Rxc4 Nd3 37.b4 1-0

[Event "Xtracon Chess Open 2018"]
[Site "Elsinore"]
[Date "2018.07.21"]
[Round "1"]
[White "Lindgaard, Tobias Simon"]
[Black "Hartung-Nielsen, Jens"]
[Result "0-1"]
[WhiteElo "1746"]
[BlackElo "2207"]
[EventDate "2018.07.21"]
[WhiteFideId "1419820"]
[BlackFideId "1400690"]

1.c4 c5 2.Nc3 g6 3.g3 Bg7 4.Bg2 Nc6 5.e3 e5 6.Nge2 Nge7 7.O-O O-O 8.d4 
exd4 9.exd4 Nxd4 10.Nxd4 cxd4 11.Nb5 Nc6 12.Bf4 a6 13.Nd6 Qb6 14.Re1 Qc5 
15.Bd5 Nb4 16.Bxf7+ Rxf7 17.Nxf7 Kxf7 18.Qf3 Qf5 19.g4 Qd3 20.Re7+ Kxe7 
21.Bg5+ Kd6 22.Qf7 Qe4 23.Qxg7 Qxg4+ 24.Kf1 Qxg5 25.Qxd4+ Kc7 26.Rd1 Qe7 
27.c5 Nc6 28.Qf4+ Qe5 0-1

[Event "Xtracon Chess Open 2018"]
[Site "Elsinore"]
[Date "2018.07.21"]
[Round "1"]
[White "Eriksson, Jorgen"]
[Black "Andreasen, Jon S."]
[Result "1-0"]
[WhiteElo "2206"]
[BlackElo "1736"]
[EventDate "2018.07.21"]
[WhiteFideId "1701967"]
[BlackFideId "7201400"]

1.d4 Nf6 2.Bg5 e6 3.Nd2 Be7 4.e3 b6 5.Ngf3 Bb7 6.Bd3 d6 7.O-O Nbd7 8.Qe2 
O-O 9.a4 a5 10.Rfe1 h6 11.Bh4 Nd5 12.Bxe7 Qxe7 13.c3 N5f6 14.e4 e5 15.h3 
Nh5 16.g3 Qe6 17.Nh4 Ndf6 18.Nf5 Kh7 19.Qe3 Ng8 20.Bc4 Qf6 21.Be2 g6 22.
Bxh5 gxh5 23.Qf3 Qg5 24.Nf1 Rae8 25.h4 Qg6 26.d5 Nf6 27.N1e3 Rg8 28.b4 Bc8
29.bxa5 bxa5 30.Rab1 Ba6 31.c4 Ng4 32.Nxg4 hxg4 33.Qc3 Bc8 34.Qxa5 Bxf5 
35.exf5 Qxf5 36.Qxc7 Rg6 37.Rb8 Rf6 38.Rf1 Rxb8 39.Qxb8 Qd3 40.Qb1 1-0

[Event "Xtracon Chess Open 2018"]
[Site "Elsinore"]
[Date "2018.07.21"]
[Round "1"]
[White "Norevall, Ulf"]
[Black "Sorensen, Hampus"]
[Result "0-1"]
[WhiteElo "1733"]
[BlackElo "2204"]
[EventDate "2018.07.21"]
[WhiteFideId "1705555"]
[BlackFideId "8703884"]

1.d4 d5 2.c4 c6 3.Nf3 Nf6 4.e3 e6 5.Nc3 Nbd7 6.Bd3 dxc4 7.Bxc4 b5 8.Bd3 
Bd6 9.e4 e5 10.Bg5 Bb7 11.O-O O-O 12.Rc1 Re8 13.d5 cxd5 14.Nxb5 Bb8 15.Qb3
dxe4 16.Bc4 exf3 17.Bxf7+ Kh8 18.Nc7 Bxc7 19.Qxb7 Bb6 20.Bxe8 Qxe8 21.Qxf3
h6 22.Be3 e4 23.Qf5 Bxe3 24.fxe3 Nb6 25.Rc5 Rd8 26.Rfc1 Qa4 27.Qe6 Rd1+ 
28.Kf2 Rxc1 29.Rxc1 Qb5 30.b3 Qg5 31.h3 Nbd5 32.Qc8+ Kh7 33.Qc5 Qh4+ 34.
Kf1 a6 35.Rd1 Qg5 36.Kf2 Qe5 37.Rd2 h5 38.g3 Qf5+ 39.Kg1 Qxh3 40.Rxd5 
Qxg3+ 41.Kf1 Qf3+ 42.Kg1 Nxd5 43.Qxd5 Qxe3+ 44.Kh2 Qf2+ 45.Kh3 Qf3+ 46.Kh2
Qf4+ 47.Kh1 g6 48.Qb7+ Kh6 49.Qxa6 Qf3+ 50.Kg1 e3 51.Qf1 Qg4+ 52.Qg2 e2 
0-1

[Event "Xtracon Chess Open 2018"]
[Site "Elsinore"]
[Date "2018.07.21"]
[Round "1"]
[White "Skousen, Nikolai"]
[Black "Hansen, Tommy"]
[Result "1/2-1/2"]
[WhiteElo "2203"]
[BlackElo "1732"]
[EventDate "2018.07.21"]
[WhiteFideId "1401432"]
[BlackFideId "1511009"]

1.Nf3 d5 2.g3 Nf6 3.Bg2 Bg4 4.h3 Bf5 5.O-O c6 6.d3 Nbd7 7.Nbd2 e5 8.e4 
dxe4 9.Nh4 Be6 10.dxe4 Bc5 11.Qe2 O-O 12.a4 a5 13.Nc4 Qc7 14.Bd2 Rfd8 15.
Rfd1 Nf8 16.Be1 Rd4 17.Rxd4 exd4 18.Nxa5 Rxa5 19.b4 Bxb4 20.Bxb4 Ra8 21.a5
c5 22.Be1 c4 23.Bb4 Rd8 24.a6 d3 25.cxd3 cxd3 26.Qd2 bxa6 27.Rxa6 Qc4 28.
Be7 Qc2 29.Bb4 Qc4 30.Be7 Qc2 31.Bb4 Qc4 32.Be7 1/2-1/2

[Event "Xtracon Chess Open 2018"]
[Site "Elsinore"]
[Date "2018.07.21"]
[Round "1"]
[White "Falkesgaard, Jeppe Hald"]
[Black "Grove, Peter"]
[Result "0-1"]
[WhiteElo "1731"]
[BlackElo "2202"]
[EventDate "2018.07.21"]
[WhiteFideId "1464981"]
[BlackFideId "1411101"]

1.d4 Nf6 2.Nf3 g6 3.c4 c5 4.d5 b5 5.e3 Bg7 6.Nc3 b4 7.Ne2 O-O 8.Ng3 a5 9.
Bd3 a4 10.a3 b3 11.O-O d6 12.Rb1 Ba6 13.Bd2 Nxd5 14.Qe2 Nb6 15.Bc3 Bxc3 
16.bxc3 Nc6 17.h4 e6 18.h5 Na5 19.Nd2 d5 20.hxg6 fxg6 21.Qg4 Qe8 0-1

[Event "Xtracon Chess Open 2018"]
[Site "Elsinore"]
[Date "2018.07.21"]
[Round "1"]
[White "Thannheiser, Thomas"]
[Black "Mielow, Bjarne"]
[Result "1-0"]
[WhiteElo "2201"]
[BlackElo "1730"]
[EventDate "2018.07.21"]
[WhiteFideId "4691059"]
[BlackFideId "1415484"]

1.e4 c5 2.Nf3 g6 3.c3 Bg7 4.d4 cxd4 5.cxd4 d6 6.h3 Nf6 7.Nc3 O-O 8.Be2 a6 
9.O-O b5 10.a3 Bb7 11.d5 Nbd7 12.Nd4 Rc8 13.Bf3 Ne5 14.Re1 Nxf3+ 15.Nxf3 
Rc4 16.Bg5 h6 17.Bd2 Kh7 18.Rc1 Qc7 19.Be3 Rc8 20.Nd2 b4 21.Nxc4 bxc3 22.
Nb6 c2 23.Qd3 Nxe4 24.Qxe4 Bxb2 25.Nxc8 Bxc1 1-0

[Event "Xtracon Chess Open 2018"]
[Site "Elsinore"]
[Date "2018.07.21"]
[Round "1"]
[White "Leonhardsen, Vebjorn Maanum"]
[Black "Bekker-Jensen, David"]
[Result "0-1"]
[WhiteElo "1726"]
[BlackElo "2200"]
[EventDate "2018.07.21"]
[WhiteFideId "1539515"]
[BlackFideId "1403095"]

1.Nf3 Nf6 2.g3 g6 3.b3 Bg7 4.Bb2 b6 5.Bg2 Bb7 6.c4 O-O 7.O-O d6 8.d3 Nbd7 
9.Nbd2 e6 10.Qc2 Qe7 11.Ng5 Bxg2 12.Kxg2 e5 13.Ngf3 Rae8 14.Rac1 Nh5 15.e4
f5 16.Rce1 fxe4 17.dxe4 Bh6 18.h4 Nc5 19.Ba3 Ne6 20.Nh2 Qd7 21.Ndf3 Rxf3 
22.Nxf3 Nef4+ 23.gxf4 Nxf4+ 0-1

[Event "Xtracon Chess Open 2018"]
[Site "Elsinore"]
[Date "2018.07.21"]
[Round "1"]
[White "Moe, Mogens"]
[Black "Christiansen, Torsten Sundgaar"]
[Result "1-0"]
[WhiteElo "2199"]
[BlackElo "1722"]
[EventDate "2018.07.21"]
[WhiteFideId "1400550"]
[BlackFideId "1419714"]

1.e4 g6 2.d4 Nf6 3.Nc3 d5 4.e5 Nh5 5.g4 Ng7 6.Bg2 c6 7.Bh6 Na6 8.h3 Qb6 9.
Rb1 Ne6 10.Bxf8 Nxf8 11.Nge2 Ne6 12.f4 Ng7 13.Qd2 h5 14.f5 gxf5 15.Qg5 Kf8
16.Kd2 c5 17.Nxd5 Qh6 18.Qxh6 Rxh6 19.g5 Rh8 20.h4 Rb8 21.Ke3 Bd7 22.dxc5 
Nxc5 23.b4 Ne4 24.c4 Rc8 25.Rbc1 f6 26.gxf6 exf6 27.exf6 Ne8 28.Bxe4 fxe4 
29.Ne7 Nxf6 30.Nxc8 Bxc8 31.Rhf1 Ke7 32.Ng3 Bh3 33.Rg1 Rd8 34.Nxe4 Ng4+ 
35.Kf4 Rd4 36.Rgd1 Rxe4+ 37.Kxe4 Nf2+ 38.Kd4 1-0

[Event "Xtracon Chess Open 2018"]
[Site "Elsinore"]
[Date "2018.07.21"]
[Round "1"]
[White "Gottschalck, Christian"]
[Black "Weber, Samuel"]
[Result "0-1"]
[WhiteElo "1721"]
[BlackElo "2197"]
[EventDate "2018.07.21"]
[WhiteFideId "1428357"]
[BlackFideId "12924008"]

1.e4 e5 2.Nf3 Nc6 3.d4 exd4 4.Bc4 Nf6 5.e5 d5 6.Bb5 Ne4 7.Nxd4 Bc5 8.Be3 
O-O 9.Nxc6 bxc6 10.Bxc5 Nxc5 11.Bxc6 Rb8 12.Qd4 Ne6 13.Qc3 Ba6 14.Nd2 Rb6 
15.Ba4 Qh4 16.Bb3 Qg4 17.Nf3 d4 18.Bxe6 Qe4+ 0-1

[Event "Xtracon Chess Open 2018"]
[Site "Elsinore"]
[Date "2018.07.21"]
[Round "1"]
[White "Acikel, Mert"]
[Black "Bremer, Erik"]
[Result "1-0"]
[WhiteElo "2040"]
[BlackElo "1476"]
[EventDate "2018.07.21"]
[WhiteFideId "12956465"]
[BlackFideId "1411578"]

1.e4 c5 2.Nf3 d6 3.d4 cxd4 4.Nxd4 Nf6 5.Nc3 a6 6.Be3 e6 7.Be2 Be7 8.O-O 
O-O 9.f4 Qc7 10.Bf3 Bd7 11.Qe2 b5 12.e5 Nd5 13.Nxd5 exd5 14.Bxd5 Bc6 15.
Nxc6 Nxc6 16.Qf3 Rac8 17.e6 f6 18.c3 Na5 19.f5 b4 20.cxb4 Nc4 21.Rac1 Ne5 
22.Qg3 Qb8 23.Bh6 Qa7+ 24.Kh1 g6 25.Bxf8 Rxc1 26.Rxc1 Qd4 27.Bxe7 Kg7 28.
Bxd6 Nd3 29.Rc7+ Kh8 30.Rc8+ Kg7 31.Bf8+ 1-0

[Event "Xtracon Chess Open 2018"]
[Site "Elsinore"]
[Date "2018.07.21"]
[Round "1"]
[White "Johannsson, Orn Leo"]
[Black "Loveid, Erik"]
[Result "1-0"]
[WhiteElo "2196"]
[BlackElo "1715"]
[EventDate "2018.07.21"]
[WhiteFideId "2303051"]
[BlackFideId "1520067"]

1.d4 d6 2.Nf3 Bg4 3.e3 Nd7 4.Be2 c6 5.O-O Ngf6 6.b3 g6 7.Bb2 Bg7 8.c4 O-O 
9.Nc3 Re8 10.h3 Bxf3 11.Bxf3 Qc7 12.Qc2 Rad8 13.Rad1 a6 14.Rd2 e5 15.Rfd1 
Nf8 16.Ba3 Ne6 17.dxe5 dxe5 18.Bd6 Qc8 19.Bxe5 Rxd2 20.Rxd2 Ng5 21.Bxf6 
Nxf3+ 22.gxf3 Bxf6 23.Ne4 Be5 24.Kg2 Qe6 25.Qd3 f5 26.Nc5 Qf6 27.Qd7 Re7 
28.Qd8+ Qf8 29.Qxf8+ Kxf8 30.f4 Bc7 31.Nxb7 Bxf4 32.Nd8 Bc7 33.Nxc6 1-0

[Event "Xtracon Chess Open 2018"]
[Site "Elsinore"]
[Date "2018.07.21"]
[Round "1"]
[White "Wiberg, Jonas"]
[Black "Hill, Alistair"]
[Result "1/2-1/2"]
[WhiteElo "1715"]
[BlackElo "2192"]
[EventDate "2018.07.21"]
[WhiteFideId "1720090"]
[BlackFideId "432407"]

1.b3 Nf6 2.Bb2 g6 3.Nf3 Bg7 4.c4 O-O 5.e3 c5 6.d3 Nc6 7.a3 d5 8.Be2 b6 9.
O-O Bb7 10.Qc2 Re8 11.Nc3 e5 12.e4 dxe4 13.Nxe4 Nd4 14.Nxd4 exd4 15.Nxf6+ 
Qxf6 16.Rfe1 Qg5 17.Bf1 Be5 18.g3 Qf6 19.Bg2 Bxg2 20.Kxg2 Qc6+ 21.Kg1 h5 
22.h4 Re6 23.f4 Bc7 24.Qg2 Qxg2+ 25.Kxg2 Rae8 26.Rxe6 Rxe6 27.Kf2 Kg7 28.
Re1 Rxe1 29.Kxe1 Kf6 30.Ke2 Kf5 31.Kf3 Bd8 32.Bc1 f6 33.Bd2 g5 34.fxg5 
fxg5 35.hxg5 Bxg5 36.Be1 a5 37.Bf2 Bc1 38.a4 Bd2 39.Bg1 Bc1 40.Bf2 Bd2 41.
Bg1 Bc1 42.Bf2 1/2-1/2

[Event "Xtracon Chess Open 2018"]
[Site "Elsinore"]
[Date "2018.07.21"]
[Round "1"]
[White "Gottstein, Claudius-Thomas"]
[Black "Woltery, Nicolai"]
[Result "1-0"]
[WhiteElo "2190"]
[BlackElo "1715"]
[EventDate "2018.07.21"]
[WhiteFideId "4653327"]
[BlackFideId "436887"]

1.e4 c5 2.Nf3 Nc6 3.Bb5 g6 4.Bxc6 bxc6 5.O-O Bg7 6.Re1 Nf6 7.e5 Nd5 8.c4 
Nc7 9.d4 cxd4 10.Qxd4 Ne6 11.Qh4 O-O 12.Nc3 d6 13.Bh6 f6 14.Bxg7 Nxg7 15.
Rad1 Qc7 16.exd6 exd6 17.Ne4 Ne8 18.Qg3 Ba6 19.c5 Rd8 20.Nd4 dxc5 21.Nxc5 
Qxg3 22.hxg3 Bc8 23.Nxc6 Rxd1 24.Rxd1 Kf7 25.Nxa7 Bf5 26.Nb5 Bc8 27.a4 f5 
28.a5 Nf6 29.a6 Ne4 30.Nxe4 fxe4 31.Nd6+ Ke6 32.Nxc8 Rxc8 33.b4 Rb8 34.Rb1
Kd6 35.Kf1 Kc7 36.a7 Ra8 37.Ra1 Kb6 38.Ke2 Rxa7 39.Rxa7 Kxa7 40.Ke3 Kb6 
41.Kxe4 Kb5 42.f4 Kxb4 43.g4 Kc5 44.Ke5 Kc4 45.f5 gxf5 46.gxf5 Kd3 47.f6 
Ke3 48.f7 Kf2 49.f8=Q+ Kxg2 50.Ke4 h5 51.Qf3+ Kg1 52.Qg3+ Kh1 53.Kf3 h4 
54.Qg2# 1-0

[Event "Xtracon Chess Open 2018"]
[Site "Elsinore"]
[Date "2018.07.21"]
[Round "1"]
[White "Horslund, Mikael"]
[Black "Ingvason, Johann"]
[Result "0-1"]
[WhiteElo "1714"]
[BlackElo "2189"]
[EventDate "2018.07.21"]
[WhiteFideId "1421042"]
[BlackFideId "2301431"]

1.d4 d5 2.e3 g6 3.Bd3 Nd7 4.f4 c5 5.c3 c4 6.Bc2 Nh6 7.Nf3 Bg7 8.O-O O-O 9.
Nbd2 Nf6 10.Ne5 Nf5 11.Qe2 Nd6 12.Kh1 Bf5 13.Bxf5 Nxf5 14.g4 Nd6 15.Rg1 
Nfe4 16.Nxe4 Nxe4 17.Nf3 Nd6 18.Bd2 Qd7 19.Qg2 f6 20.h4 Qe6 21.Nh2 Rac8 
22.Raf1 Qe4 23.Rf3 f5 24.g5 Qc2 25.Bc1 Qxg2+ 26.Kxg2 b5 27.Bd2 Ne4 28.Rd1 
a5 29.Rff1 Rb8 30.Be1 b4 31.Kf3 Rb7 32.Rh1 Rfb8 33.Nf1 bxc3 34.Bxc3 a4 35.
Rc1 e6 36.h5 Bf8 37.hxg6 hxg6 38.Rh2 a3 39.bxa3 Bxa3 40.Rcc2 Bf8 41.Ng3 
Nd6 42.Rh1 Ra8 43.Rch2 Bg7 44.Rc2 Ra3 45.Ne2 Ne4 46.Ra1 Bf8 47.Be1 Raa7 
48.Nc3 Nd6 49.Rh2 Ra3 50.Rb1 Raa7 51.Rhb2 Rc7 52.Rb8 Kf7 53.R8b2 Ra3 54.
Rh2 Bg7 55.Rb6 Ne4 56.Nb5 Rd3 57.Nxc7 Bxd4 58.Rh7+ Kg8 59.Rd7 Rxe3+ 60.Kg2
Bxb6 61.Nxe6 Rxe1 62.Rg7+ Kh8 63.Rb7 Re2+ 64.Kh3 Nf2+ 65.Kg3 0-1

[Event "Xtracon Chess Open 2018"]
[Site "Elsinore"]
[Date "2018.07.21"]
[Round "1"]
[White "Jaksland, Tim"]
[Black "Nielsen, Peter"]
[Result "1-0"]
[WhiteElo "2185"]
[BlackElo "1707"]
[EventDate "2018.07.21"]
[WhiteFideId "1401084"]
[BlackFideId "1707485"]

1.Nf3 f5 2.d3 Nc6 3.d4 d5 4.Bf4 Nf6 5.e3 e6 6.c4 Bd6 7.Bg5 O-O 8.Nc3 Be7 
9.Be2 Ne4 10.Bxe7 Nxe7 11.Ne5 c6 12.f3 Nxc3 13.bxc3 Bd7 14.O-O Be8 15.Rb1 
Rb8 16.Qa4 a6 17.c5 Ng6 18.Nxg6 Bxg6 19.f4 h5 20.Rb6 h4 21.Rfb1 h3 22.g3 
e5 23.dxe5 d4 24.cxd4 Bf7 25.Bc4 g5 26.Rxb7 Rxb7 27.Rxb7 gxf4 28.Rxf7 Rxf7
29.Bxf7+ Kxf7 30.exf4 Qd5 31.Qb3 1-0

[Event "Xtracon Chess Open 2018"]
[Site "Elsinore"]
[Date "2018.07.21"]
[Round "1"]
[White "Henriksen, Morgan"]
[Black "Hinrichs, Lars"]
[Result "0-1"]
[WhiteElo "1706"]
[BlackElo "2185"]
[EventDate "2018.07.21"]
[WhiteFideId "1510495"]
[BlackFideId "12921769"]

1.d4 Nf6 2.c4 e6 3.Nc3 Bb4 4.e3 O-O 5.Bd3 d5 6.a3 Bxc3+ 7.bxc3 c5 8.Nf3 
Nc6 9.O-O dxc4 10.Bxc4 Qc7 11.Ba2 e5 12.d5 Rd8 13.Qc2 Ne7 14.Ng5 c4 15.e4 
h6 16.Nf3 Bg4 17.Nd2 Be2 18.Re1 Bd3 19.Qa4 a6 20.Qb4 b5 21.Nf3 Nxe4 22.
Nxe5 Nxd5 23.Qb2 Qxe5 24.f3 Qxc3 25.Rxe4 Bxe4 26.Qxc3 Nxc3 27.Bb2 Nxa2 28.
fxe4 c3 0-1